000 00727nam a2200289Ia 4500
005 20260324133301.0
008 008 260324s9999 xx 000 0 eng d
020 _a9781315243153
037 _aEBOOK
040 _aCRL
040 _beng
040 _cCRL
041 _2eng
041 _aeng
084 _qCRL
100 _aMuhammad Faishal Ibrahim; Peter J. McGoldrick
_91192501
245 0 _aShopping Choices with Public Transport Options
245 3 _bAn Agenda for the 21st Century
260 _bTaylor and Francis
260 _c2003
365 _a
365 _b230
856 _uhttp://www.taylorfrancis.com/books/9781315243153
942 _cEBOOK
999 _c1791399
_d1791399